00365nam a2200121Ia 4500008004100000041000800041082000900049100001900058245002000077260002500097999001900122952010200141231212s1982 xx 000 0 und d aeng a1.64 aLeventhal L.A. aIntroduction To aDelhibPrinticc1982 c958887d958887 00104070aITMbITMd2023-12-13g52.00l0o1.64pITM-P-1739r2023-12-13 00:00:00w2023-12-13yBK